[Event "Baden op-B 30th"]
[Site "Baden"]
[Date "2002.04.27"]
[Round "3.5"]
[White "Putz, Josef"]
[Black "Haindl, Josef"]
[Result "1/2-1/2"]
[WhiteElo "1622"]
[BlackElo "1603"]
[PlyCount "43"]
[EventDate "2002.04.26"]
[EventType "swiss"]
[EventRounds "5"]
[EventCountry "AUT"]
[SourceTitle "EXT 2003"]
[Source "ChessBase"]
[SourceDate "2002.11.25"]
[SourceVersion "1"]
[SourceVersionDate "2002.11.25"]
[SourceQuality "1"]

1. d4 Nf6 2. c4 g6 3. Nf3 Bg7 4. Nc3 d5 5. e3 0-0 6. cxd5 Nxd5 7. Nxd5 Qxd5 8. Bd2 Bg4 9. Be2 c5 10. Bc3 Nc6 11. Qc2 cxd4 12. exd4 Rfd8 13. 0-0 Bf5 14. Qa4 Be4 15. Rad1 Qf5 16. Qc4 Qd5 17. Qa4 Qd7 18. Qc4 Bd5 19. Qa4 a6 20. a3 f5 21. Qc2 Rac8 22. Qd2 1/2-1/2

[Event "Baden op-B 30th"]
[Site "Baden"]
[Date "2002.04.26"]
[Round "1.2"]
[White "Putz, Josef"]
[Black "Mair, Josef"]
[Result "1-0"]
[WhiteElo "1622"]
[BlackElo "1833"]
[PlyCount "54"]
[EventDate "2002.04.26"]
[EventType "swiss"]
[EventRounds "5"]
[EventCountry "AUT"]
[SourceTitle "EXT 2003"]
[Source "ChessBase"]
[SourceDate "2002.11.25"]
[SourceVersion "1"]
[SourceVersionDate "2002.11.25"]
[SourceQuality "1"]

1. d4 d5 2. c4 dxc4 3. e3 Nf6 4. Bxc4 e6 5. Nc3 Be7 6. Nf3 0-0 7. 0-0 b6 8. b3 Bb7 9. Bb2 c6 10. Ne5 Nbd7 11. Nxd7 Qxd7 12. Qe2 Rad8 13. Rfd1 Qc7 14. Rac1 Bd6 15. h3 Qe7 16. e4 Bb8 17. e5 Nd5 18. Nxd5 cxd5 19. Bd3 f6 20. Qh5 g6 21. exf6 Qxf6 22. Qe2 Rde8 23. Rf1 Qf4 24. g3 Qd6 25. Rce1 Rf6 26. Qg4 Bc8 27. Qg5 Qf8 1-0